Gendai shihonshugi to tagen shakai /
Disimpan dalam:
| Pengarang Utama: | |
|---|---|
| Format: | Buku |
| Bahasa: | Japanese |
| Diterbitkan: |
Tōkyō :
Nihon Hyōronsha,
1979.
|
| Subjek-subjek: | |
| Penanda-penanda: |
Tambah Penanda
Tiada Penanda, Jadilah orang pertama menanda rekod ini!
|
| LEADER | 01022nam a2200289 a 4500 | ||
|---|---|---|---|
| 001 | 007745820-6 | ||
| 005 | 20024617121422.0 | ||
| 008 | 950213s1979 ja b 000 0 jpn | ||
| 010 | |a 80805583 | ||
| 035 | 0 | |a ocm31975288 | |
| 040 | |a DLC |c TxU |d *YNH* |d CStRLIN | ||
| 050 | |a HC462.9 |b .N238 | ||
| 100 | 1 | |6 880-01 |a Nagasu, Kazuji, |d 1919- | |
| 245 | 1 | 0 | |6 880-02 |a Gendai shihonshugi to tagen shakai / |c Nagasu Kazuji hencho. |
| 260 | |6 880-03 |a Tōkyō : |b Nihon Hyōronsha, |c 1979. | ||
| 300 | |a iv, 278 p. ; |c 22 cm. | ||
| 504 | |a Includes bibliographical references. | ||
| 500 | |6 880-04 |a Nagasu Kazuji chosaku mokuroku: p. 263-278. | ||
| 651 | 0 | |a Japan |x Economic policy |y 1945- | |
| 650 | 0 | |a Local government |z Japan. | |
| 651 | 0 | |a Japan |x Social policy. | |
| 880 | 1 | |6 100-01 |a 長洲一ニ, |d 1919- | |
| 880 | 1 | 0 | |6 245-02 |a 現代資本主義と多元社会 / |c 長洲一ニ編著. |
| 880 | |6 260-03 |a 東京 : |b 日本評論社, |c 1979. | ||
| 880 | |6 500-04 |a 長洲一ニ著作目錄: p. 263-278. | ||
| 988 | |a 20021219 | ||
| 906 | |0 DLC | ||


